00659nam a2200193Ia 4500008004100000020001400041082001500055100002200070245005900092250000700151260005600158300002700214500001900241600002700260650005000287942000700337952010600344999001500450240925s9999 xx 000 0 und d a201631717 a005.43 KAL aKalawsky ,Roy S. 4aThe Science of Virtual Reality and Virtual Enviroments aNA aWokingham:bAddison-Wily Publishing Companyc,1993. axv,483p.bNAfOriginal aIncludes Index aEngineering Technology aComputer science, information & general works cBK 001040708ETaUITUbUITUd2001-04-21eNAl0o005.43 KALpQ3588r2024-09-25 07:13:12w2024-09-25yBK c6087d6087